| 000 | 00696 a2200193 4500 | ||
|---|---|---|---|
| 010 | _aENG-88624 | ||
| 020 |
_c150.00 _a818826119X |
||
| 035 | _aEN-72157 | ||
| 037 | _bDBAD / PUB | ||
| 082 | 1 | 4 | _a230.35 |
| 090 |
_c9078 _d9078 |
||
| 245 | 1 |
_aBhagavan Sri Ramana Maharshi - the resplendent sun: _cedited by A.R. Natarajan _bangles of vision |
|
| 260 |
_aBangalore _bRamana Maharshi Centre for Learning _c2004 |
||
| 270 |
_aPost Office Road, Sanjay Nagar, _bBangalore _cKarnataka _e560 094 |
||
| 300 |
_av, 89p. : _c24cm (pbk) |
||
| 500 | _aIncludes index | ||
| 942 |
_adpl _cEN _k230.35 / BHA |
||
| 999 |
_c8914 _d8914 |
||